[Event "Masdenverge op 6th"]
[Site "Masdenverge"]
[Date "2017.07.01"]
[Round "3"]
[White "Accensi Estrada, Miguel Angel"]
[Black "Lisiewicz Jornet, Julia"]
[Result "1-0"]
[WhiteElo "2159"]
[BlackElo "1595"]
[PlyCount "159"]
[EventDate "2017.06.30"]
[EventType "swiss"]
[EventRounds "7"]
[EventCountry "ESP"]
[SourceTitle "EXT 2019"]
[Source "ChessBase"]
[SourceDate "2018.10.10"]
[SourceVersion "1"]
[SourceVersionDate "2018.10.10"]
[SourceQuality "1"]

1. e4 d5 2. exd5 Qxd5 3. Nf3 Bg4 4. Be2 Nf6 5. h3 Bf5 6. d4 e6 7. 0-0 Be7 8. c4 Qd8 9. Nc3 0-0 10. Nh4 Bg6 11. Nxg6 hxg6 12. Bf4 Nbd7 13. Qc2 Bd6 14. Bg5 c6 15. Rad1 Qc7 16. Rfe1 Rfe8 17. a3 a5 18. Qb1 e5 19. d5 Qb6 20. dxc6 Qxc6 21. Bf3 Qb6 22. Be3 Bc5 23. Na4 Qc7 24. Nxc5 Nxc5 25. b4 axb4 26. axb4 Ncd7 27. c5 e4 28. Be2 b6 29. cxb6 Nxb6 30. Bb5 Re6 31. Qb3 Qe5 32. Bc4 Nxc4 33. Qxc4 Rb8 34. Bc5 Qc7 35. Qd4 Rb7 36. Ra1 Qc6 37. Ra8+ Kh7 38. Rd8 Nd7 39. Ra1 Qb5 40. Raa8 Rb8 41. Rdxb8 Nxb8 42. Qd8 Re8 43. Qh4+ Kg8 44. Bd6 Na6 45. Qxe4 Rxa8 46. Qxa8+ Kh7 47. Qe4 Qb6 48. Qf4 g5 49. Qe4+ Kh6 50. Be7 Qc7 51. g3 Qc1+ 52. Kg2 Nc7 53. Qf5 Qc6+ 54. Kh2 Qg6 55. Qxg6+ Kxg6 56. Kg2 Kf5 57. Kf3 f6 58. Bd6 Nb5 59. Bf8 g6 60. Ke3 Ke5 61. Kd3 f5 62. Bg7+ Kd5 63. Bf6 g4 64. hxg4 fxg4 65. Be7 Nd4 66. Bc5 Nb5 67. Ke3 Ke5 68. Bf8 g5 69. Be7 Nc7 70. Bc5 Nb5 71. Kd3 Ke6 72. Kc4 Nc7 73. b5 Nxb5 74. Kxb5 Ke5 75. Be3 Kf5 76. Kc4 Kg6 77. Kd5 Kf5 78. Bd2 Kf6 79. Ke4 Kg6 80. Ke5 1-0